Zooming In! II Quiz Stats

 Plays Quiz Updated May 20, 2019

Score 0/10 Timer 02:00
5 Plays Today
Question Answer Wrong Answers
Surfers
91.9%
1.2%
0.6%
6.2%
Peacocks
91.2%
2.7%
2.4%
2.4%
Glaciers
89.7%
1.4%
4%
3.1%
Cherry Trees
89.3%
5.5%
2.5%
1.7%
Gummi Bears
81.8%
5.2%
4%
8.5%
Skyline
77.9%
14.6%
4.1%
0.8%
Fireworks
77.8%
0.5%
16.6%
2.3%
Galaxies
74.1%
6.5%
2.4%
6.6%
Daisies
42.5%
10.7%
4%
35.1%
Frost
35.3%
13.7%
30%
16.1%

You're not logged in!

Compare scores with friends on all Sporcle quizzes.
OR
Log In

Sporcle TV

Today on Sporcle TV


Watch our educational content, quiz creation guides, and fun videos on Sporcle TV.

Show Comments

Extras

Top Quizzes Today


Score Distribution

Your Account Isn't Verified!

In order to create a playlist on Sporcle, you need to verify the email address you used during registration. Go to your Sporcle Settings to finish the process.

Report this User

Report this user for behavior that violates our Community Guidelines.

Details: